Pezinok

Zobrazenie: Pohľad v bielom orámovaní na námestie v Pezinku. Vľavo vidno kostol. Vpravo radnicu, spoza ktorej vytŕča veža iného kostola. Vľavo v popredí je niekoľko ľudí. V pozadí je rad stromov a niekoľko ďalších ľudí

Bibliographic Details
Format: Postcard
Language:Slovak
PhysicalDescription:1 pohľadnica 9 x 14 cm
Published: Praha G. Jilovský 1923
Subjects:

MARC

LEADER 00000ckm a2200000 a 4500
001 vtls001439695
003 SK-MaSNL
005 20260512123218.0
007 kp bo
008 240703s1923 xr g 0kuslo
035 |a SNK000394850 
035 |a urn:nbn:sk:snk-km3luh1 
035 |a 3EA91E97-71EF-4ED6-8B82-55630A2044E7 
035 |a urn:nbn:sk:snk-km00dtjh 
040 |a SNK  |b slo  |c SNK  |e AACR2 
041 0 |a slo 
043 |a e-xo--- 
044 |a xr  |c CZ 
072 7 |a 913  |x Regionálna geografia  |2 konspekt 
080 |a 913(437.6)  |2 2011 
080 |a (084.121)  |2 2011 
080 |a 726:27-523.42  |2 2011 
080 |a 711.61  |2 2011 
245 0 0 |a Pezinok  |h grafika 
260 |a Praha  |b G. Jilovský  |c 1923 
300 |a 1 pohľadnica  |c 9 x 14 cm 
500 |a Názvové údaje prevzaté z obrazovej časti pohľadnice 
520 8 |a Zobrazenie: Pohľad v bielom orámovaní na námestie v Pezinku. Vľavo vidno kostol. Vpravo radnicu, spoza ktorej vytŕča veža iného kostola. Vľavo v popredí je niekoľko ľudí. V pozadí je rad stromov a niekoľko ďalších ľudí 
650 0 7 |a kostoly  |2 SNKPH  |9 3023 
650 0 7 |a námestia  |2 SNKPH  |9 26291 
651 7 |a Pezinok (Slovensko)  |2 SNKPHgeo  |9 15835 
655 7 |a miestne pohľadnice  |2 SNKPH  |9 70510 
852 |a Slovenská národná knižnica 
958 |a EUIPO 
958 |a GBN 
958 |a GC 
958 |a OND 
999 |c 696137  |d 698067 
952 |t P60, <03>, [BOOK], {603}  |a SNK  |b SNK  |y PREZ  |7 0  |p 17A1292458  |o snkSP 151545  |i snkPV 919/2002  |z Pohľadnica prešla poštou.  |0 0  |1 0  |4 0  |d 2002-08-21  |f 1  |l 0  |r 2005-01-02 00:00:00  |w 2026-02-23